|
|
|
|
| LEADER |
00000nam0a2200000 4500 |
| 001 |
335837 |
| 005 |
20231101031531.0 |
| 035 |
|
|
|a (RuTPU)RU\TPU\book\362249
|
| 090 |
|
|
|a 335837
|
| 100 |
|
|
|a 20171004d1972 k y0rusy50 ca
|
| 101 |
0 |
|
|a rus
|
| 102 |
|
|
|a RU
|
| 105 |
|
|
|a a dm 001zy
|
| 200 |
1 |
|
|a Изучение стадийных процессов разряда-ионизации металлов с помощью нестационарных методов
|e автореферат диссертации на соискание ученой степени кандидата химических наук
|e спец. 02.00.05
|f В. И. Бармашенко
|g Академия наук СССР (АН СССР), Научно-исследовательский физико-химический институт ; науч. рук. В. В. Лосев, А. И. Молодов
|
| 210 |
|
|
|a Москва
|c [Б. и.]
|d 1972
|
| 215 |
|
|
|a 28 с.
|c ил.
|
| 300 |
|
|
|a Защита сост. 19.02.1973 г.
|
| 320 |
|
|
|a Библиогр.: с. 27-28 (7 назв.)
|
| 606 |
1 |
|
|a Металлы
|x Электрохимия
|2 stltpush
|3 (RuTPU)RU\TPU\subj\43192
|
| 610 |
1 |
|
|a разряд-ионизация
|
| 610 |
1 |
|
|a металлы
|
| 610 |
1 |
|
|a стадийные процессы
|
| 610 |
1 |
|
|a нестационарные методы
|
| 610 |
1 |
|
|a поляризационные кривые
|
| 610 |
1 |
|
|a изотопный обмен
|
| 610 |
1 |
|
|a скорость
|
| 610 |
1 |
|
|a амальгамные электроды
|
| 610 |
1 |
|
|a авторефераты диссертаций
|
| 610 |
1 |
|
|a библиотека А. Г. Стромберга
|
| 675 |
|
|
|a 669:541.1(04)
|v 4
|
| 686 |
|
|
|a 02.00.05
|2 oksvnk
|
| 700 |
|
1 |
|a Бармашенко
|b В. И.
|g Владимир Иолевич
|
| 702 |
|
1 |
|a Лосев
|b В. В.
|4 727
|
| 702 |
|
1 |
|a Молодов
|b А. И.
|4 727
|
| 712 |
0 |
2 |
|a Академия наук СССР (АН СССР)
|b Научно-исследовательский физико-химический институт
|2 stltpush
|3 (RuTPU)RU\TPU\col\13406
|
| 801 |
|
1 |
|a RU
|b 63413507
|c 20171004
|
| 801 |
|
2 |
|a RU
|b 63413507
|c 20180124
|g RCR
|
| 942 |
|
|
|c BK
|